| 000 | 00950nam a22001937a 4500 | ||
|---|---|---|---|
| 003 | NUST | ||
| 005 | 20221103110644.0 | ||
| 008 | 221103b ||||| |||| 00| 0 eng d | ||
| 020 | _a9781856176613 | ||
| 082 | _a620.0015155353,RAO | ||
| 100 |
_aS. Rao, Singiress _9102291 |
||
| 245 |
_aThe finite element method in engineering / _cSingiress S. Rao, |
||
| 250 | _a5th edition | ||
| 260 |
_aElsevier _bIndia _c2011 |
||
| 300 | _axv, 710 p | ||
| 505 | _aPart 1: Introduction (Page-3), Part 2: Basic Procedure (Page-53), Part 3: Application to Solid Mechanics Problems (Page-277), Part 4: Application to Heat Transfer Problems (Page-473), Part 5: Application to Fluid Mechanics Problems (Page-549), Part 6: Solution and Applications of Quasi-Harmonic Equations (Page-613), Part 7: ABAQUS and ANSYS Software and MATLABĀ® Programs for Finite Element Analysis (Page-631). | ||
| 650 |
_aFinite element method in engineering _9102292 |
||
| 942 |
_2ddc _cBK |
||
| 999 |
_c592236 _d592236 |
||